Retail delivery news

Bibliographic Details
Previous Title:Retail delivery systems news
Format: Electronic Journal
Language:English
Published: Rockville, Maryland : Access Intelligence LLC
Subjects:
Online Access:Full text available from Research Library: 02/01/1998 to 10/11/2000

MARC

LEADER 00000nas a2200000 i 4500
001 ssj0001073953
003 WaSeSS
005 20200512172242.0
006 m d
007 cr n
008 060630c19uu9999mduer pos 0 a0eng d
035 |a (WaSeSS)ssj0001073953 
040 |a WaSeSS  |b eng  |c WaSeSS  |d WaSeSS 
050 4 |a HF5428 
245 0 0 |a Retail delivery news  |h [electronic resource]. 
260 |a Rockville, Maryland :  |b Access Intelligence LLC 
310 |a Biweekly 
506 |a License restrictions may limit access. 
588 |a Description based on: Vol. 3 (6) (Mar 18, 1998); title from journal home page (ProQuest, viewed Jan. 7, 2014).  
588 |a Latest issue consulted: Vol. 5 (21) (Oct 11, 2000) (viewed Jan. 7, 2014). 
650 0 |a Retail trade  |v Periodicals. 
655 0 |a Electronic journals. 
780 0 0 |a Retail delivery systems news 
856 4 0 |z Full text available from Research Library: 02/01/1998 to 10/11/2000  |u https://search.proquest.com/publication/32795